[Event "M.Chigorin Memorial 2017 "]
[Site "?????-?????????"]
[Date "2017.10.29"]
[Round "9"]
[Board "72"]
[White "Eynullayev, Atilla"]
[Black "Grinblat, Artemiy"]
[Result "0-1"]
[WhiteElo "1919"]
[BlackElo "2268"]
[PlyCount "60"]
[EventDate "2017.10.21"]
[EventRounds "9"]
[EventCountry "RUS"]

1. e4 e6 2. d4 d5 3. Nc3 Nf6 4. e5 Nfd7 5. f4 c5 6. Nf3 Nc6 7. Be3 Be7 8. dxc5
Bxc5 9. Bxc5 Nxc5 10. Qd2 O-O 11. O-O-O a6 12. Nd4 Bd7 13. h4 b5 14. Kb1 Rb8
15. g4 Na5 16. f5 b4 17. Nce2 Nc4 18. Qf4 Qc7 19. Nf3 Ne4 20. Nc1 Na3+ 21. bxa3
bxa3+ 22. Nb3 Qc3 23. Qc1 Qxf3 24. Bd3 Nc3+ 25. Ka1 Nxd1 26. Rxd1 Bb5 27. f6
Bxd3 28. Rxd3 Qxg4 29. Rd4 Qg3 30. fxg7 Kxg7  0-1

[Event "M.Chigorin Memorial 2017 "]
[Site "?????-?????????"]
[Date "2017.10.29"]
[Round "9"]
[Board "73"]
[White "Salman, Pavel"]
[Black "Veselov, Andrey"]
[Result "1-0"]
[WhiteElo "2260"]
[BlackElo "2056"]
[PlyCount "61"]
[EventDate "2017.10.21"]
[EventRounds "9"]
[EventCountry "RUS"]

1. d4 d5 2. Nf3 Nf6 3. g3 e6 4. Bg2 Be7 5. O-O O-O 6. c4 dxc4 7. Qc2 a6 8. Qxc4
b5 9. Qc2 Bb7 10. Bd2 Nc6 11. e3 Nb4 12. Bxb4 Bxb4 13. a3 Bd6 14. Nbd2 Nd7 15.
Ng5 Qxg5 16. Bxb7 Ra7 17. Bc6 Nf6 18. f4 Qh6 19. Nf3 Nd5 20. Rae1 Nb6 21. Nd2
Kh8 22. Kg2 g5 23. f5 g4 24. fxe6 Qxe6 25. Rf5 h6 26. Ref1 Kg7 27. e4 Qa2 28.
R1f2 Bxa3 29. Qd1 Qxb2 30. Qxg4+ Kh8 31. Rf6  1-0

[Event "M.Chigorin Memorial 2017 "]
[Site "?????-?????????"]
[Date "2017.10.29"]
[Round "9"]
[Board "75"]
[White "Shuvalov, Evgenij"]
[Black "Zavgorodniaya, Alena"]
[Result "0-1"]
[WhiteElo "2247"]
[BlackElo "2039"]
[PlyCount "62"]
[EventDate "2017.10.21"]
[EventRounds "9"]
[EventCountry "RUS"]

1. Nf3 d5 2. c4 d4 3. g3 Nc6 4. Bg2 e5 5. O-O Nf6 6. d3 a5 7. Na3 Bc5 8. Nc2
O-O 9. a3 Re8 10. Bg5 h6 11. Bxf6 Qxf6 12. b4 axb4 13. axb4 Rxa1 14. Qxa1 Nxb4
15. Nxb4 Bxb4 16. Qa4 Qe7 17. Nxe5 Qxe5 18. Qxb4 Qxe2 19. Qc5 Qxd3 20. Qxc7 Qe2
21. Bd5 Be6 22. Bxe6 Qxe6 23. Rd1 Qg4 24. Rd3 g5 25. Qxb7 Re1+ 26. Kg2 Qe2 27.
Qc8+ Kg7 28. Rxd4 h5 29. g4 Qf1+ 30. Kg3 h4+ 31. Kf3 Qh1#  0-1

[Event "M.Chigorin Memorial 2017 "]
[Site "?????-?????????"]
[Date "2017.10.29"]
[Round "9"]
[Board "76"]
[White "Moksh, Amit Doshi"]
[Black "Nikitin, Sergey E."]
[Result "1-0"]
[WhiteElo "2222"]
[BlackElo "1923"]
[PlyCount "145"]
[EventDate "2017.10.21"]
[EventRounds "9"]
[EventCountry "RUS"]

1. b3 d5 2. Bb2 e6 3. e3 Nf6 4. f4 c5 5. Nf3 a6 6. Bd3 Nc6 7. O-O b5 8. Nc3 Bd6
9. a4 b4 10. Ne2 Bb7 11. Ng3 Qe7 12. Ne5 Qc7 13. Ng4 Be7 14. Nxf6+ Bxf6 15.
Bxf6 gxf6 16. f5 Ke7 17. Qh5 Ne5 18. Qh4 Raf8 19. Be2 Nd7 20. d4 cxd4 21. Qxd4
Qc5 22. a5 Rc8 23. Qd2 Qc3 24. Rfd1 Rc5 25. Ra4 Qxd2 26. Rxd2 Bc6 27. Rxb4 Rxa5
28. c4 Rb8 29. Rxb8 Nxb8 30. Bd3 h6 31. Kf2 Ra3 32. Rb2 Nd7 33. fxe6 fxe6 34.
Nf1 dxc4 35. Bxc4 Ne5 36. Be2 Bb5 37. Nd2 f5 38. Rc2 Bxe2 39. Kxe2 a5 40. Rc5
Ng4 41. h3 Nf6 42. Rc7+ Ke8 43. Kd3 Nd7 44. Kc3 Ra2 45. Ra7 Nb6 46. e4 a4 47.
Ra6 Nd7 48. Rxe6+ Kf7 49. exf5 axb3 50. Rxh6 Rc2+ 51. Kd3 Ne5+ 52. Ke3 b2 53.
Rh7+ Kf6 54. Rb7 Kxf5 55. g4+ Kg6 56. Rb6+ Kg7 57. Rb4 Kh6 58. Rb5 Nc4+ 59.
Nxc4 Rxc4 60. Kf3 Rc2 61. Kg3 Kg6 62. Rb6+ Kg7 63. Kh4 Kh7 64. Kh5 Kg7 65. h4
Rd2 66. g5 Rh2 67. Rb7+ Kf8 68. g6 Kg8 69. Kg5 Kh8 70. h5 Kg8 71. Rb8+ Kg7 72.
h6+ Rxh6 73. Rb7+  1-0

[Event "M.Chigorin Memorial 2017 "]
[Site "?????-?????????"]
[Date "2017.10.29"]
[Round "9"]
[Board "77"]
[White "Vlasenko, Miroslav"]
[Black "Zaykov, Sergey"]
[Result "1/2-1/2"]
[WhiteElo "2423"]
[BlackElo "2125"]
[PlyCount "65"]
[EventDate "2017.10.21"]
[EventRounds "9"]
[EventCountry "RUS"]

1. d4 d5 2. Bf4 e6 3. e3 Nf6 4. Nf3 Be7 5. h3 O-O 6. Bd3 c5 7. c3 Nc6 8. Nbd2
b6 9. Ne5 Bb7 10. Qf3 Rc8 11. g4 Nxe5 12. Bxe5 Ne8 13. h4 f6 14. Bg3 e5 15. Bf5
e4 16. Qe2 cxd4 17. exd4 Ra8 18. O-O-O Bd6 19. g5 g6 20. Be6+ Kg7 21. h5 fxg5
22. hxg6 hxg6 23. Qg4 Nc7 24. Nxe4 dxe4 25. Be5+ Bxe5 26. dxe5 e3 27. Rxd8
Raxd8 28. Qxg5 Bxh1 29. Qe7+ Kh6 30. Qh4+ Kg7 31. Qe7+ Kh6 32. Qh4+ Kg7 33.
Qe7+  1/2-1/2

[Event "M.Chigorin Memorial 2017 "]
[Site "?????-?????????"]
[Date "2017.10.29"]
[Round "9"]
[Board "78"]
[White "Saveliev, Alexei"]
[Black "Guliev, Gasan"]
[Result "1/2-1/2"]
[WhiteElo "2387"]
[BlackElo "2123"]
[PlyCount "102"]
[EventDate "2017.10.21"]
[EventRounds "9"]
[EventCountry "RUS"]

1. d4 Nf6 2. Bf4 g6 3. Nc3 Bg7 4. e4 d6 5. h3 O-O 6. Nf3 Na6 7. Qd2 c5 8. d5
Nc7 9. a4 Re8 10. Bc4 e6 11. dxe6 Bxe6 12. Bxe6 Nxe6 13. Bxd6 Nd4 14. Bxc5 Nxe4
15. Nxe4 Rxe4+ 16. Kf1 Nxf3 17. Qxd8+ Rxd8 18. gxf3 Rc4 19. Bxa7 Bxb2 20. Ra2
Bd4 21. Bxd4 Rdxd4 22. Ke2 Rxa4 23. Rxa4 Rxa4 24. Rb1 Rc4 25. Kd3 Rc7 26. c4
Kg7 27. Kd4 Kf6 28. Rb5 Ke6 29. c5 Rd7+ 30. Kc4 Rc7 31. Rb3 Ke5 32. Re3+ Kf4
33. Kb5 h5 34. Rc3 f5 35. Kb6 Rf7 36. Ka7 g5 37. Kb8 g4 38. fxg4 hxg4 39. hxg4
fxg4 40. Kc8 Re7 41. Rb3 Re5 42. Rc3 Re7 43. Rb3 Re5 44. Rb5 Kf3 45. Kxb7 Kxf2
46. Rb2+ Kf3 47. c6 Re7+ 48. c7 g3 49. Kb8 Rxc7 50. Kxc7 g2 51. Rxg2 Kxg2
 1/2-1/2

[Event "M.Chigorin Memorial 2017 "]
[Site "?????-?????????"]
[Date "2017.10.29"]
[Round "9"]
[Board "79"]
[White "Zemnitskiy, Alexander"]
[Black "Zhang, Ziji"]
[Result "0-1"]
[WhiteElo "2112"]
[BlackElo "2387"]
[PlyCount "60"]
[EventDate "2017.10.21"]
[EventRounds "9"]
[EventCountry "RUS"]

1. d4 d6 2. Nc3 g6 3. e4 Bg7 4. Be3 a6 5. Qd2 b5 6. a4 b4 7. Na2 a5 8. Bc4 Nf6
9. Bd3 Ng4 10. Bg5 h6 11. Bh4 O-O 12. f3 Nf6 13. c3 bxc3 14. bxc3 Nbd7 15. Ne2
Nb6 16. Nac1 Bd7 17. Bxf6 exf6 18. h4 h5 19. g4 hxg4 20. h5 f5 21. hxg6 fxg6
22. fxg4 fxg4 23. Qa2+ Rf7 24. e5 Bc6 25. Bxg6 Bd5 26. Bxf7+ Kxf7 27. O-O+ Kg8
28. Qd2 Qh4 29. Nf4 Qg3+ 30. Ng2 Bh6  0-1

[Event "M.Chigorin Memorial 2017 "]
[Site "?????-?????????"]
[Date "2017.10.29"]
[Round "9"]
[Board "80"]
[White "Nikitenko, Mihail"]
[Black "Korchagina, Viktoria"]
[Result "1-0"]
[WhiteElo "2376"]
[BlackElo "2110"]
[PlyCount "109"]
[EventDate "2017.10.21"]
[EventRounds "9"]
[EventCountry "RUS"]

1. e4 c5 2. Nf3 d6 3. d4 cxd4 4. Nxd4 Nf6 5. Nc3 a6 6. Bg5 Nbd7 7. Qe2 h6 8.
Bxf6 Nxf6 9. O-O-O e5 10. Nf5 g6 11. Ne3 Be6 12. g3 Rc8 13. Ned5 Bxd5 14. Nxd5
Nxd5 15. Rxd5 h5 16. Bh3 Rc6 17. Rhd1 Bh6+ 18. Kb1 O-O 19. f3 Qe7 20. Qd3 Rd8
21. Rf1 Bg5 22. a3 Bf6 23. Rd1 Qc7 24. f4 Qe7 25. f5 g5 26. Bf1 Qc7 27. Be2 h4
28. gxh4 gxh4 29. Qd2 Kf8 30. c4 Ke7 31. b4 Qb6 32. Ka2 Qc7 33. Kb3 b6 34. a4
Qb8 35. b5 axb5 36. cxb5 Rc5 37. Rxc5 dxc5 38. Qxd8+ Qxd8 39. Rxd8 Kxd8 40. Bc4
Ke8 41. a5 bxa5 42. b6 Bd8 43. b7 Bc7 44. f6 Kd7 45. Bxf7 Bd6 46. Bd5 Kc7 47.
f7 Bf8 48. Kc4 a4 49. Kb5 c4 50. Ka6 Kb8 51. Bxc4 a3 52. h3 Be7 53. Kb6 Bf8 54.
Kc6 Bb4 55. Bd5  1-0

[Event "M.Chigorin Memorial 2017 "]
[Site "?????-?????????"]
[Date "2017.10.29"]
[Round "9"]
[Board "81"]
[White "Ekdyshman, Mikhail"]
[Black "Lingur, Zalina"]
[Result "1/2-1/2"]
[WhiteElo "2366"]
[BlackElo "2108"]
[PlyCount "78"]
[EventDate "2017.10.21"]
[EventRounds "9"]
[EventCountry "RUS"]

1. e4 c5 2. Nf3 d6 3. d4 cxd4 4. Nxd4 Nf6 5. Nc3 a6 6. Be2 e5 7. Nf3 h6 8. O-O
Be7 9. Nd2 b5 10. a4 b4 11. Nd5 Nxd5 12. exd5 a5 13. Bb5+ Bd7 14. Nc4 O-O 15.
Be3 Bxb5 16. axb5 Nd7 17. b6 Bg5 18. b7 Ra6 19. Bxg5 hxg5 20. Qe2 Nc5 21. Nxa5
Qb6 22. Nc6 Qxb7 23. Rxa6 Nxa6 24. Ra1 Ra8 25. Qc4 Nc5 26. Re1 b3 27. h3 Ra2
28. cxb3 Qxb3 29. Qxb3 Nxb3 30. Ne7+ Kf8 31. Nf5 Ra6 32. Re3 Nd4 33. Nxd4 exd4
34. Rb3 Ra1+ 35. Kh2 Ra5 36. Kg1 Ra1+ 37. Kh2 Ra5 38. Kg1 Ra1+ 39. Kh2 Ra5
 1/2-1/2

[Event "M.Chigorin Memorial 2017 "]
[Site "?????-?????????"]
[Date "2017.10.29"]
[Round "9"]
[Board "82"]
[White "Khalaji, Hanieh"]
[Black "Chashchev, Sergey"]
[Result "1-0"]
[WhiteElo "2093"]
[BlackElo "2342"]
[PlyCount "73"]
[EventDate "2017.10.21"]
[EventRounds "9"]
[EventCountry "RUS"]

1. e4 Nf6 2. Nc3 d6 3. d4 g6 4. f3 Bg7 5. Be3 c6 6. a4 Nbd7 7. Qd2 a6 8. Bc4
Qc7 9. Nge2 c5 10. dxc5 Nxc5 11. Ba2 O-O 12. h4 Be6 13. Bh6 b5 14. Bxg7 Kxg7
15. h5 Bxa2 16. Rxa2 Qb7 17. Nd4 b4 18. Nce2 b3 19. Ra3 bxc2 20. Qxc2 a5 21.
Kf1 Ne6 22. Nxe6+ fxe6 23. Rb3 Qa6 24. Ke1 Qc8 25. Rc3 Qb8 26. Nf4 e5 27. Ne6+
Kf7 28. Nxf8 Qxf8 29. hxg6+ hxg6 30. Rc7 Qd8 31. Qc4+ Kg7 32. g4 Rb8 33. g5 Nh5
34. Rh2 Nf4 35. Rh7+ Kxh7 36. Qf7+ Kh8 37. Rxe7  1-0

[Event "M.Chigorin Memorial 2017 "]
[Site "?????-?????????"]
[Date "2017.10.29"]
[Round "9"]
[Board "83"]
[White "Babazada, Khazar"]
[Black "Nazaretyan, Tigran"]
[Result "1/2-1/2"]
[WhiteElo "2090"]
[BlackElo "2303"]
[PlyCount "117"]
[EventDate "2017.10.21"]
[EventRounds "9"]
[EventCountry "RUS"]

1. Nf3 c5 2. g3 Nc6 3. Bg2 e5 4. d3 d5 5. O-O Be7 6. c4 d4 7. e3 Nf6 8. exd4
exd4 9. Re1 O-O 10. Bf4 Bd6 11. Ne5 Bxe5 12. Bxe5 Nxe5 13. Rxe5 Qc7 14. Re1 Bf5
15. Na3 Rae8 16. Qd2 b6 17. b4 h6 18. Rab1 a6 19. bxc5 bxc5 20. Nc2 Qd7 21. Bf1
Ng4 22. Be2 Ne5 23. f4 Nxc4 24. dxc4 d3 25. Ne3 dxe2 26. Qxd7 Bxd7 27. Rxe2 Bf5
28. Rb3 Re4 29. Kf2 Rfe8 30. Rbb2 Be6 31. Rbd2 Kf8 32. Rc2 g6 33. Kf3 Bc8 34.
Kf2 g5 35. Nd5 Kg7 36. fxg5 hxg5 37. Nc3 R4e5 38. Rxe5 Rxe5 39. Re2 Rf5+ 40.
Ke3 Be6 41. Kd3 Rf3+ 42. Kd2 Kg6 43. Re5 Rf5 44. Rxf5 Kxf5 45. Na4 Bxc4 46.
Nxc5 Kg4 47. Ke3 Kh3 48. a3 f5 49. Kd4 Be2 50. Ke5 Bg4 51. Ne6 Kxh2 52. Nxg5
Kxg3 53. Ne6 a5 54. a4 Kh4 55. Nd4 Kg5 56. Nxf5 Bxf5 57. Kd4 Bd7 58. Kc5 Bxa4
59. Kb6  1/2-1/2

[Event "M.Chigorin Memorial 2017 "]
[Site "?????-?????????"]
[Date "2017.10.29"]
[Round "9"]
[Board "84"]
[White "Martynyuk, Elizaveta"]
[Black "Yeritsyan, Hayk"]
[Result "1/2-1/2"]
[WhiteElo "2302"]
[BlackElo "2105"]
[PlyCount "120"]
[EventDate "2017.10.21"]
[EventRounds "9"]
[EventCountry "RUS"]

1. e4 e5 2. Nf3 Nc6 3. Bc4 Bc5 4. c3 Nf6 5. d3 a6 6. O-O Ba7 7. Bb3 d6 8. Nbd2
O-O 9. h3 Kh8 10. Nc4 b5 11. Ne3 Be6 12. Re1 h6 13. Bc2 d5 14. exd5 Nxd5 15.
Nxd5 Bxd5 16. Nxe5 Nxe5 17. Rxe5 Bxf2+ 18. Kh1 Re8 19. Rxe8+ Qxe8 20. Bf4 Qe6
21. Qh5 Qc6 22. Qg4 Re8 23. d4 Bxd4 24. Bf5 Be5 25. Bd7 Bxg2+ 26. Kg1 Qc5+ 27.
Kxg2 Re7 28. Bxe5 Rxe5 29. Qf3 Qd5 30. Qxd5 Rxd5 31. Bc8 Rd2+ 32. Kg3 Rxb2 33.
Bxa6 c6 34. c4 g5 35. a4 bxa4 36. Rxa4 Kg7 37. Bc8 Rc2 38. Bb7 c5 39. Bd5 f5
40. Ra5 Kf6 41. Rxc5 h5 42. Rc6+ Ke5 43. Re6+ Kd4 44. Rg6 Rc3+ 45. Kf2 g4 46.
hxg4 hxg4 47. Rg8 Ke5 48. Ke2 Rg3 49. Bb7 Kd4 50. Rc8 Rb3 51. Bd5 f4 52. Rf8
f3+ 53. Kf2 Rb2+ 54. Kg3 Rg2+ 55. Kh4 Rg1 56. Rf4+ Ke3 57. Rxg4 f2 58. Re4+ Kd3
59. Rf4 f1=Q 60. Rxf1 Rxf1  1/2-1/2

[Event "M.Chigorin Memorial 2017 "]
[Site "?????-?????????"]
[Date "2017.10.29"]
[Round "9"]
[Board "85"]
[White "Gurjevskoy, Denis"]
[Black "Obgolts, Erik"]
[Result "1/2-1/2"]
[WhiteElo "2089"]
[BlackElo "2271"]
[PlyCount "83"]
[EventDate "2017.10.21"]
[EventRounds "9"]
[EventCountry "RUS"]

1. e4 g6 2. d4 Bg7 3. Be3 d6 4. Nc3 Nf6 5. f3 O-O 6. Qd2 c6 7. h4 e5 8. Nge2
exd4 9. Nxd4 d5 10. O-O-O dxe4 11. Bh6 Qe7 12. h5 e3 13. Bxe3 Nxh5 14. Bh6 Bxh6
15. Qxh6 Qe5 16. Kb1 Qg7 17. Rxh5 gxh5 18. Qxh5 Be6 19. Nxe6 fxe6 20. Bc4 Kh8
21. Bxe6 Na6 22. Ne4 Rae8 23. Ng5 Re7 24. Rh1 Rf6 25. Bc4 Nc5 26. Qg4 Nd7 27.
a3 h6 28. Qh4 Ne5 29. Ne4 Rg6 30. Bb3 Rxg2 31. Qxh6+ Qxh6 32. Rxh6+ Kg7 33. Rh3
Ng6 34. Nd6 Re1+ 35. Ka2 Nf4 36. Rh4 Ne2 37. a4 Nc1+ 38. Ka3 Nxb3 39. cxb3 c5
40. b4 Re3+ 41. b3 Rxf3 42. bxc5  1/2-1/2

[Event "M.Chigorin Memorial 2017 "]
[Site "?????-?????????"]
[Date "2017.10.29"]
[Round "9"]
[Board "86"]
[White "Emanuel, Yahav"]
[Black "Marinskii, Yurii"]
[Result "0-1"]
[WhiteElo "2088"]
[BlackElo "2238"]
[PlyCount "94"]
[EventDate "2017.10.21"]
[EventRounds "9"]
[EventCountry "RUS"]

1. e4 c5 2. Nc3 Nc6 3. Nf3 g6 4. d4 cxd4 5. Nxd4 Bg7 6. Be3 Nf6 7. Bc4 O-O 8.
Bb3 d6 9. h3 Nxd4 10. Bxd4 Be6 11. O-O Qa5 12. Re1 Nd7 13. Nd5 Rfe8 14. c3 Rac8
15. Nf4 Bc4 16. Bxc4 Rxc4 17. b4 Qa6 18. Bxg7 Kxg7 19. a4 Qc6 20. b5 Qc5 21.
Re3 Rxc3 22. Rxc3 Qxc3 23. Rc1 Qe5 24. Qf3 Nc5 25. Nd3 Qd4 26. Nxc5 dxc5 27.
Qb3 b6 28. Rc4 Qa1+ 29. Kh2 Rd8 30. Qg3 Rd7 31. Qf4 Qf6 32. Kg3 Qxf4+ 33. Kxf4
Kf6 34. Ke3 e5 35. Rc1 Rd4 36. Ra1 Rb4 37. Ra2 Ke6 38. Kd3 Kd6 39. f3 c4+ 40.
Kc3 Kc5 41. Rd2 Rb3+ 42. Kc2 Rd3 43. Rf2 Ra3 44. Kb2 Kb4 45. f4 c3+ 46. Kb1
exf4 47. Rxf4 Kb3  0-1

[Event "M.Chigorin Memorial 2017 "]
[Site "?????-?????????"]
[Date "2017.10.29"]
[Round "9"]
[Board "87"]
[White "Makoveev, Ilya"]
[Black "Zimin, Alexey"]
[Result "1-0"]
[WhiteElo "2041"]
[BlackElo "2227"]
[PlyCount "67"]
[EventDate "2017.10.21"]
[EventRounds "9"]
[EventCountry "RUS"]

1. e4 e6 2. d4 d5 3. Nc3 Be7 4. e5 b6 5. f4 h5 6. Be3 Ba6 7. Bxa6 Nxa6 8. Nf3
Nh6 9. Qe2 Qc8 10. O-O-O Qb7 11. Bf2 O-O-O 12. h3 Kb8 13. Rhg1 c5 14. dxc5 bxc5
15. Qb5 Nc7 16. Qxb7+ Kxb7 17. Bh4 f6 18. g4 hxg4 19. hxg4 Rde8 20. Rde1 f5 21.
Bxe7 Rxe7 22. Nh4 Rhe8 23. gxf5 exf5 24. Rg6 Rf7 25. Na4 Na6 26. Reg1 c4 27.
Rxg7 Ree7 28. R7g6 Rh7 29. Rxh6 Rxh6 30. Nxf5 Rhh7 31. Nxe7 Rxe7 32. Rg6 Nb4
33. Nc5+ Kc8 34. a3  1-0

[Event "M.Chigorin Memorial 2017 "]
[Site "?????-?????????"]
[Date "2017.10.29"]
[Round "9"]
[Board "88"]
[White "Pogorelskikh, Sergey"]
[Black "Tarasov, Ilya"]
[Result "0-1"]
[WhiteElo "2225"]
[BlackElo "2102"]
[PlyCount "64"]
[EventDate "2017.10.21"]
[EventRounds "9"]
[EventCountry "RUS"]

1. e4 d6 2. d4 Nf6 3. Nc3 g6 4. Be3 c6 5. Nf3 Bg7 6. a4 O-O 7. a5 Nbd7 8. Be2
Qc7 9. Nd2 Re8 10. O-O e5 11. dxe5 Nxe5 12. h3 Qb8 13. f4 Ned7 14. Bf2 b5 15.
Bf3 a6 16. g4 Rd8 17. Ne2 Bb7 18. c3 c5 19. b4 d5 20. e5 Ne4 21. Bh4 g5 22.
Bxe4 dxe4 23. Bxg5 f6 24. Bh4 e3 25. Qb3+ c4 26. Qc2 exd2 27. Rad1 Nxe5 28.
fxe5 Qxe5 29. Nd4 Rxd4 30. cxd4 Qxd4+ 31. Kh2 c3 32. Qf5 Qd5  0-1

[Event "M.Chigorin Memorial 2017 "]
[Site "?????-?????????"]
[Date "2017.10.29"]
[Round "9"]
[Board "89"]
[White "Eynullayev, Altay"]
[Black "Tsaruk, Maksim"]
[Result "0-1"]
[WhiteElo "2220"]
[BlackElo "2090"]
[PlyCount "102"]
[EventDate "2017.10.21"]
[EventRounds "9"]
[EventCountry "RUS"]

1. e4 e5 2. Nf3 Nc6 3. Bb5 a6 4. Ba4 Nf6 5. O-O b5 6. Bb3 Be7 7. Re1 O-O 8. h3
d6 9. c3 Nb8 10. d4 Nbd7 11. Nbd2 Bb7 12. Bc2 Re8 13. a4 Bf8 14. Bd3 c6 15. Qc2
g6 16. b3 Qb6 17. Bb2 Rac8 18. b4 exd4 19. cxd4 c5 20. axb5 axb5 21. Qc3 c4 22.
Bc2 Bg7 23. Ra5 Re7 24. Re3 Ne8 25. Nf1 Nb8 26. Ra1 Nc6 27. Rd1 Nc7 28. Qe1
Rce8 29. Bc3 d5 30. e5 Bc8 31. Kh2 Ne6 32. g3 f6 33. exf6 Bxf6 34. Qd2 Rf8 35.
Kg2 Ref7 36. Re2 Bg7 37. N1h2 Qa7 38. Qe3 Qc7 39. Qd2 Qd7 40. Qe3 Qd6 41. Ne5
Nxe5 42. dxe5 Qc6 43. Kg1 d4 44. Bxd4 Bb7 45. Be4 Qxe4 46. Qxe4 Bxe4 47. Rxe4
Rd8 48. f4 Rfd7 49. Nf3 Bf8 50. Kf2 Bxb4 51. Ke3 Bc5  0-1

[Event "M.Chigorin Memorial 2017 "]
[Site "?????-?????????"]
[Date "2017.10.29"]
[Round "9"]
[Board "90"]
[White "Pryalukhin, Danila"]
[Black "Tsvetkov, Andrey"]
[Result "0-1"]
[WhiteElo "2031"]
[BlackElo "2218"]
[PlyCount "32"]
[EventDate "2017.10.21"]
[EventRounds "9"]
[EventCountry "RUS"]

1. d4 d5 2. c4 c6 3. Nf3 Nf6 4. e3 Bg4 5. Qb3 Qb6 6. Ne5 Bf5 7. c5 Qc7 8. Be2
e6 9. Nc3 Nbd7 10. Bd2 Nxe5 11. dxe5 Nd7 12. f4 Nxc5 13. Qd1 Nd3+ 14. Kf1 Nxb2
15. Qb3 Qb6 16. Nb5 Nc4  0-1

[Event "M.Chigorin Memorial 2017 "]
[Site "?????-?????????"]
[Date "2017.10.29"]
[Round "9"]
[Board "91"]
[White "Stukan, Martin"]
[Black "Leidorf, Sebastian"]
[Result "1/2-1/2"]
[WhiteElo "2215"]
[BlackElo "2083"]
[PlyCount "80"]
[EventDate "2017.10.21"]
[EventRounds "9"]
[EventCountry "RUS"]

1. d4 e6 2. c4 d5 3. Nc3 c5 4. cxd5 exd5 5. Nf3 Nc6 6. g3 Nf6 7. Bg2 Be7 8. O-O
O-O 9. Bg5 c4 10. Ne5 Be6 11. b3 Qa5 12. Nxc6 bxc6 13. Na4 Rac8 14. bxc4 dxc4
15. Bxf6 Bxf6 16. Nc5 Rb8 17. e3 Rb2 18. Nxe6 fxe6 19. Qg4 e5 20. Qe6+ Kh8 21.
Qxc4 exd4 22. exd4 Rd2 23. Rae1 Bxd4 24. Re2 Rxe2 25. Qxe2 c5 26. Be4 g6 27. h4
Qc7 28. Kg2 Qe5 29. f4 Qe6 30. Qc2 Rb8 31. Rb1 Rxb1 32. Qxb1 Qb6 33. Qxb6 axb6
34. Bd3 Kg7 35. Kf3 h5 36. g4 hxg4+ 37. Kxg4 Bf6 38. a4 Bc3 39. f5 gxf5+ 40.
Kxf5 Kh6  1/2-1/2

[Event "M.Chigorin Memorial 2017 "]
[Site "?????-?????????"]
[Date "2017.10.29"]
[Round "9"]
[Board "92"]
[White "Ibadov, Dashgyn"]
[Black "Huseynov, Murad"]
[Result "1/2-1/2"]
[WhiteElo "2213"]
[BlackElo "2076"]
[PlyCount "184"]
[EventDate "2017.10.21"]
[EventRounds "9"]
[EventCountry "RUS"]

1. d4 Nf6 2. g3 d5 3. Bg2 Bf5 4. Nf3 e6 5. O-O Be7 6. c4 c6 7. Qb3 Qb6 8. c5
Qxb3 9. axb3 O-O 10. Nbd2 Nbd7 11. b4 Rfc8 12. Nb3 h6 13. Na5 b6 14. cxb6 axb6
15. Nxc6 Bf8 16. Rxa8 Rxa8 17. Bd2 Ra2 18. Bc3 Ne4 19. Nfe5 Nxe5 20. Nxe5 Bd6
21. Bxe4 Bxe4 22. f3 Bc2 23. Rc1 Ba4 24. Kf2 Bb5 25. Ke3 f6 26. Nd3 Kf7 27. Ne1
g5 28. Nc2 h5 29. Na3 Ba4 30. Kd3 h4 31. gxh4 gxh4 32. h3 e5 33. e3 Bd7 34. Kc2
Bxh3 35. Rh1 Bg2 36. Rxh4 Ra1 37. dxe5 Bxe5 38. Bxe5 fxe5 39. f4 Be4+ 40. Kc3
exf4 41. Rxf4+ Ke6 42. Rh4 Kd7 43. Rh6 Rd1 44. b5 Kc7 45. Rh3 Rd3+ 46. Kb4 Rd1
47. Rg3 Rd2 48. b3 Rd1 49. Rg7+ Kb8 50. Re7 Rd2 51. Nc4 dxc4 52. Rxe4 cxb3 53.
Kxb3 Rd1 54. Rd4 Rb1+ 55. Kc4 Rc1+ 56. Kd3 Rc5 57. Rb4 Rd5+ 58. Ke4 Rh5 59. Kd3
Kc7 60. e4 Kd6 61. Kd4 Rg5 62. Rb1 Rc5 63. Rb2 Ke6 64. Rb3 Kd6 65. Ke3 Ke5 66.
Kd3 Ke6 67. Rb2 Kd6 68. Ke3 Ke6 69. Kf4 Rh5 70. Kg4 Rc5 71. Kf4 Rh5 72. Rg2
Rxb5 73. Rg6+ Kf7 74. Rc6 Ke7 75. Rh6 Kf7 76. Rh7+ Ke6 77. Rc7 Kd6 78. Rh7 Ke6
79. Rh6+ Ke7 80. Ke3 Rb3+ 81. Kd4 Rb5 82. Rh3 Ke6 83. Rh6+ Ke7 84. Ke3 Rb3+ 85.
Kf4 Rb5 86. e5 Rb1 87. Ke4 Re1+ 88. Kd5 Rd1+ 89. Kc4 b5+ 90. Kc5 Re1 91. Kd5
Rd1+ 92. Kc5 Re1  1/2-1/2

[Event "M.Chigorin Memorial 2017 "]
[Site "?????-?????????"]
[Date "2017.10.29"]
[Round "9"]
[Board "93"]
[White "Kharmunova, Nadezhda"]
[Black "Ismagilov, Damir"]
[Result "0-1"]
[WhiteElo "2199"]
[BlackElo "2058"]
[PlyCount "76"]
[EventDate "2017.10.21"]
[EventRounds "9"]
[EventCountry "RUS"]

1. c4 e5 2. g3 Nf6 3. Bg2 d5 4. cxd5 Nxd5 5. Nc3 Nb6 6. Nf3 Nc6 7. O-O Be7 8.
d3 Be6 9. Be3 O-O 10. Rc1 f5 11. Qd2 h6 12. a3 Nd5 13. Nxd5 Bxd5 14. b4 a5 15.
b5 Nd4 16. Nxe5 Bxg2 17. Kxg2 Qd5+ 18. Nf3 Nxf3 19. exf3 Bxa3 20. Rxc7 Bd6 21.
Rd7 Rf6 22. Qb2 a4 23. Bxh6 Rf7 24. Rxf7 Qxf7 25. Be3 a3 26. Qc3 a2 27. Bd4 Ra3
28. Qc8+ Kh7 29. Qd8 Qd5 30. Qh4+ Kg6 31. g4 Kf7 32. Qh5+ Kg8 33. Qg5 Bf8 34.
Ba1 Rxd3 35. Qxf5 Qxf5 36. gxf5 Rb3 37. Rd1 Rb1 38. Rg1 Be7  0-1

[Event "M.Chigorin Memorial 2017 "]
[Site "?????-?????????"]
[Date "2017.10.29"]
[Round "9"]
[Board "94"]
[White "Slugin, Yaroslav"]
[Black "Kotau, Arseni"]
[Result "1/2-1/2"]
[WhiteElo "1992"]
[BlackElo "2187"]
[PlyCount "92"]
[EventDate "2017.10.21"]
[EventRounds "9"]
[EventCountry "RUS"]

1. d4 Nf6 2. Nf3 g6 3. Bg5 Bg7 4. Nbd2 d5 5. e3 O-O 6. b4 Nbd7 7. Be2 a5 8. b5
Re8 9. O-O e5 10. c4 e4 11. Ne1 Nb6 12. c5 Nbd7 13. c6 bxc6 14. bxc6 Nf8 15. a4
h6 16. Bh4 g5 17. Bg3 Ng6 18. Nc2 Ba6 19. Bb5 h5 20. h3 g4 21. hxg4 Nxg4 22.
Qe2 Bc8 23. f3 exf3 24. Qxf3 Rf8 25. Nb3 h4 26. Bh2 Nxh2 27. Kxh2 Qg5 28. Nc5
Bg4 29. Qf2 Rad8 30. e4 dxe4 31. Nxe4 Qd5 32. Nf6+ Bxf6 33. Qxf6 Rd6 34. Qf2
Qg5 35. Rae1 Be6 36. Qe3 Qxe3 37. Rxe3 Bd5 38. Rc3 Be4 39. Rd1 Rfd8 40. Rd2
Bxc2 41. Rcxc2 Rxd4 42. Rxd4 Rxd4 43. Rc5 Nf4 44. Bc4 Kf8 45. Bb3 Ke7 46. Rxa5
Rd2  1/2-1/2

[Event "M.Chigorin Memorial 2017 "]
[Site "?????-?????????"]
[Date "2017.10.29"]
[Round "9"]
[Board "95"]
[White "Navrodskiy, Boris"]
[Black "Gorbatenko, Alexander"]
[Result "1-0"]
[WhiteElo "2180"]
[BlackElo "2042"]
[PlyCount "117"]
[EventDate "2017.10.21"]
[EventRounds "9"]
[EventCountry "RUS"]

1. d4 Nf6 2. c4 e6 3. Nf3 d5 4. Bg5 h6 5. Bh4 a6 6. e3 Be7 7. Nc3 O-O 8. Rc1
dxc4 9. Bxc4 b5 10. Be2 Bb7 11. O-O Nbd7 12. Qb3 c5 13. Rfd1 cxd4 14. Nxd4 Nc5
15. Qc2 Qb6 16. b4 Ncd7 17. Qb2 Rac8 18. Nf3 Bxf3 19. Bxf3 Ne5 20. Be2 Nc4 21.
Qb3 Rfd8 22. a3 Rd2 23. Rxd2 Nxd2 24. Qd1 Nc4 25. Na4 Qd8 26. Qxd8+ Rxd8 27.
Bxc4 bxc4 28. Kf1 g5 29. Bg3 Ne4 30. f3 Nxg3+ 31. hxg3 Rd3 32. Rc3 Rxc3 33.
Nxc3 h5 34. Ke2 Kf8 35. Na4 Ke8 36. Nb6 c3 37. Kd3 Bd8 38. Nc4 Bc7 39. g4 hxg4
40. fxg4 f5 41. Kxc3 Kd7 42. a4 Kc6 43. Kd4 Bg3 44. Ne5+ Kb6 45. Nf7 fxg4 46.
Nxg5 e5+ 47. Kc4 Bf2 48. e4 Be3 49. Nf7 Bd4 50. Nd8 Bb2 51. Ne6 Kc6 52. Ng7 Bd4
53. Nf5 Bf2 54. Ne7+ Kd6 55. Nd5 Kc6 56. Nf6 g3 57. b5+ axb5+ 58. axb5+ Kb6 59.
Nd7+  1-0